Tafsir doa Kumayl : (Record no. 121178)

MARC details
000 -LEADER
fixed length control field 00698nam a2200241 i 4500
001 - CONTROL NUMBER
control field C2-0320511
003 - CONTROL NUMBER IDENTIFIER
control field PPAK
005 - DATE AND TIME OF LATEST TRANSACTION
control field 20180728115954.0
008 - FIXED-LENGTH DATA ELEMENTS--GENERAL INFORMATION
fixed length control field 130103s2009 io |||| ||||| | may d
020 ## - INTERNATIONAL STANDARD BOOK NUMBER
International Standard Book Number 9799482879
040 ## - CATALOGING SOURCE
Original cataloging agency PPAK
Language of cataloging eng
Transcribing agency PPAK
Description conventions rda
082 04 - DEWEY DECIMAL CLASSIFICATION NUMBER
Classification number 297.382
Edition number 23
090 00 - LOCALLY ASSIGNED LC-TYPE CALL NUMBER (OCLC); LOCAL CALL NUMBER (RLIN)
Classification number (OCLC) (R) ; Classification number, CALL (RLIN) (NR) 297.382
Feature heading TAF
Feature heading BC
245 00 - TITLE STATEMENT
Title Tafsir doa Kumayl :
Remainder of title berguru kepada Nabi Khidhir
264 #1 - PRODUCTION, PUBLICATION, DISTRIBUTION, MANUFACTURE, AND COPYRIGHT NOTICE
Place of production, publication, distribution, manufacture Bandong, Indonesia :
Name of producer, publisher, distributor, manufacturer Penerbit Marja ,
Date of production, publication, distribution, manufacture, or copyright notice 2009
300 ## - PHYSICAL DESCRIPTION
Extent 360 pages ;
Dimensions 25 cm
336 ## - CONTENT TYPE
Source rdacontent
Content type term text
337 ## - MEDIA TYPE
Source rdamedia
Media type term unmediated
338 ## - CARRIER TYPE
Source rdacarrier
Carrier type term volume
500 ## - GENERAL NOTE
General note Bahan diharamkan ; Ditempatkan di Unit Koleksi Kedah.
650 10 - SUBJECT ADDED ENTRY--TOPICAL TERM
Topical term or geographic name entry element Prayer (Islam).
942 ## - ADDED ENTRY ELEMENTS (KOHA)
-- dc
Koha item type Book
Holdings
Withdrawn Not for loan Current library Shelving location Date acquired Total Checkouts Full call number Barcode Date last seen Koha item type
  Not For Loan Perpustakaan Alor Setar Koleksi Akses Terhad 09/01/2013   BC 297.382 TAF A01397637 09/05/2018 Book
  Not For Loan Perpustakaan Alor Setar Koleksi Akses Terhad 09/01/2013   BC 297.382 TAF A01397634 09/05/2018 Book
  Not For Loan Perpustakaan Alor Setar Koleksi Akses Terhad 09/01/2013   BC 297.382 TAF A01397635 09/05/2018 Book
  Not For Loan Perpustakaan Alor Setar Koleksi Akses Terhad 09/01/2013   BC 297.382 TAF A01397636 09/05/2018 Book